| 000 | 00683 a2200181 4500 | ||
|---|---|---|---|
| 003 | Nust | ||
| 005 | 20230202095849.0 | ||
| 040 | _cNust | ||
| 082 | _a940,COL | ||
| 100 |
_aH. J. Chaytor _9108440 |
||
| 245 |
_aEuropean History: Great Leaders and Landmarks / _cWillaim Collinge, MA |
||
| 250 | _aVOL-V | ||
| 260 |
_aLondon _bThe Gresham Publishing company _c1914 |
||
| 300 | _aVarious pages | ||
| 505 | _aIntroduction (Page-1), The Welding Of The British Empire (Page-13), Pan Germanism (Page-71), Pan Slavism (Page-93), The Latin Nations (Page-131), The Powers Outside Europe (Page-170), Conclusion (Page-195). | ||
| 650 |
_aEurpean History _9108403 |
||
| 942 |
_2ddc _cBK _k940,COL |
||
| 999 |
_c186974 _d186974 |
||